Theory of management 2 the solution of selected problems for the development support of management knowledge base : scientific papers of young research and scientific workers

Bibliographic Details
Main Author: Hittmár, Štefan, 1949- (Author, Editor)
Format: Book
Language:English
PhysicalDescription:221 s. grafy, sch., tab. 25 cm
Published: Žilina Edis University of Zilina 2010
ISBN:9788055402840
Edition:1st ed.
Subjects:

MARC

LEADER 00000cam a2200000 a 4500
001 vtls010283321
003 SK-MaSNL
005 20260302011800.0
008 180809s2010 xo da g n 000 0 eng
015 |a SNBA2016/07 
020 |a 9788055402840  |q (brož.) 
035 |a 14BA081F-18CD-40AB-9D56-40A9F667046B 
035 |a urn:nbn:sk:snk-amllvo 
035 |a urn:nbn:sk:snk-am00bnfq 
040 |a SNK  |b slo  |c SNK  |e AACR2 
041 0 |a eng  |b cze  |b eng 
044 |a xo  |c SK 
072 7 |a 005  |x Manažment. Riadenie  |2 konspekt 
080 |a 005  |2 2011 
080 |a (048.8:082)  |2 2011 
080 |a 005.94  |2 2011 
080 |a 005.21  |2 2011 
100 1 |a Hittmár, Štefan,  |d 1949-  |4 aut  |4 edt  |9 208207 
245 1 0 |a Theory of management 2  |b the solution of selected problems for the development support of management knowledge base : scientific papers of young research and scientific workers  |c Štefan Hittmár et al. 
250 |a 1st ed. 
260 |a Žilina  |b Edis  |b University of Zilina  |c 2010 
300 |a 221 s.  |b grafy, sch., tab.  |c 25 cm 
366 |e 60 výt. 
504 |a Bibliogr. odkazy 
546 |a Res. ang. a čes. 
650 0 7 |a manažment  |2 SNKPH  |9 922 
650 0 7 |a Management  |2 SNKPHeng  |9 265406 
650 0 7 |a znalostný manažment  |2 SNKPH  |9 67859 
650 0 7 |a Knowledge management  |2 SNKPHeng  |9 266522 
650 0 7 |a strategický manažment  |2 SNKPH  |9 3637 
650 0 7 |a Strategic planning  |2 SNKPHeng  |9 290308 
655 7 |a kolektívne monografie  |2 SNKPH  |9 249850 
655 7 |a Collective monographs  |2 SNKPHeng  |9 125747 
852 |a Štátna vedecká knižnica v Banskej Bystrici 
919 |a 978-80-554-0284-0 
958 |a NB 
999 |c 1007392  |d 1009322 
952 |a SNK  |b SNK  |y PREZ  |7 0  |p 17A1198537  |o snkSC 170374  |i snk2016/15732  |8 0  |0 0  |1 0  |4 0  |d 2016-06-16  |f 1  |l 0  |r 2025-09-08 00:00:00  |w 2026-02-24 
952 |a SNK  |b SNK  |y VYP  |7 0  |p 17A1198538  |o snkSC 170374 D1  |i snk2016/15733  |8 0  |0 0  |1 0  |4 0  |d 2016-06-16  |l 0  |r 2026-02-24 12:40:33  |w 2026-02-24